Statistiques concernant Films avec Michel Blanc par image

Cliquez ici pour prendre le quiz!

Statistiques générales

  • Ce quiz a été pris 69 fois
  • Le résultat moyen est 5 sur 16

Statistiques - réponses

Réponse% Correct
Les Bronzés font du ski
98%
Viens chez moi, j'habite chez une copine
61%
Les Tuche 4
53%
Papy fait de la résistance
48%
Marche à l'ombre
47%
Tenue de soirée
47%
Je vous trouve très beau
45%
Monsieur Hire
33%
Raid dingue
32%
Les Fugitifs
29%
Uranus
17%
L'Exercice de l'Etat
14%
Docteur ?
9%
Ma femme s'appelle reviens
5%
Musée haut, musée bas
5%
Les Petites Victoires
3%

Distribution des résultats

Percentile par nombre de réponses

% des personnes avec chaque résultat

Votre développement - résultats

Vous n’avez pas pris ce quiz